Basics Of E-Business/ (Record no. 203032)
[ view plain ]
| 000 -LEADER | |
|---|---|
| fixed length control field | 00604nam a22001937a 4500 |
| 005 - DATE AND TIME OF LATEST TRANSACTION | |
| control field | 20240520151339.0 |
| 010 ## - LCCN (DPL NO) | |
| LC control number | ENG-140388 |
| 020 ## - INTERNATIONAL STANDARD BOOK NUMBER | |
| International Standard Book Number | 9789394899735 |
| Terms of availability | 230.00 |
| 035 ## - SYSTEM CONTROL NUMBER | |
| System control number | EN-123920 |
| 037 ## - SOURCE OF ACQUISITION | |
| Source of stock number/acquisition | DBAD |
| 082 ## - DEWEY DECIMAL CLASSIFICATION NUMBER | |
| Classification number | 658.872 |
| 100 ## - MAIN ENTRY--PERSONAL NAME | |
| Personal name | Vinuchakravarthi, V. |
| 245 ## - TITLE STATEMENT | |
| Title | Basics Of E-Business/ |
| Statement of responsibility, etc | V. Vinuchakravarthi |
| 260 ## - PUBLICATION, DISTRIBUTION, ETC. (IMPRINT) | |
| Place of publication, distribution, etc | Tamil Nadu |
| Name of publisher, distributor, etc | Shanlax Publications |
| Date of publication, distribution, etc | 2022 |
| 270 ## - ADDRESS | |
| Address | 61,66 T.P.K Main Road, Vasantha Nagar, Madhurai |
| City | Tamil Nadu |
| Postal code | 625003 |
| 300 ## - PHYSICAL DESCRIPTION | |
| Extent | 112 p. |
| Dimensions | 22 cm, (pb} |
| 700 ## - ADDED ENTRY--PERSONAL NAME | |
| Personal name | Vinuchakravarthi, V. |
| 9 (RLIN) | 66297 |
| 942 ## - ADDED ENTRY ELEMENTS (KOHA) | |
| Source of classification or shelving scheme | Dewey Decimal Classification |
| Item type | English Books |
| Classification part | 658.872 |
| Call number suffix | VIN |
| Withdrawn status | Lost status | Not for loan | Collection code | Home library | Current library | Date acquired | Source of acquisition | Cost, normal purchase price | Full call number | Barcode | Copy number | Cost, replacement price | Koha item type |
|---|---|---|---|---|---|---|---|---|---|---|---|---|---|
| Non-fiction | Central Jail Tihar | Central Jail Tihar | 20/05/2024 | DBAD | 230.00 | 658.872 VIN | EN-123920 | 1 | 230.00 | English Books |
